000 01200nam a22003857a 4500
001 000005394
003 CHAP
005 20220329133343.0
008 971013s1991 r 00010 d
010 _a5340
011 _a6312
035 _a5532
040 _cCHAP
090 _aFolleto 13822
100 0 0 _aDzib Aguilar, Luis Antonio.
_934827
245 1 0 _aNociones de los recursos genéticos vegetales en la sierra de Zongolica, Ver.
260 _aHuatusco, Ver. :
_bUACH. Centro Regional Universitario Oriente,
_c1991.
300 _a29 h.
500 _a56-300
590 _aBATCH-UPD
_b10
_c20130110
_lUCH01
_h1558
590 _aBATCH-UPD
_b10
_c20130410
_lUCH01
_h0956
590 _aBATCH-UPD
_b10
_c20130914
_lUCH01
_h1124
590 _aCONVERSION
_b10
_c20130109
_lUCH01
_h1304
590 _aE5995AHE
_b05
_c20150211
_lUCH01
_h1200
650 1 4 _aCultivos asociados.
_930370
650 1 4 _aFrijol
_xVeracruz.
_943452
650 1 4 _aGermoplasma.
_947766
650 1 4 _aMaíz
_xVeracruz.
_971085
650 1 4 _aRecursos genéticos.
_995078
700 0 _aBeristain R., Bernardo.
_911805
901 _aBK
942 _cFOLL
942 _n0
949 _aFolleto 13822
_bBC
_cFOLL
_d-15118
_eTS1
_i5532
_si
999 _c5340
_d5340